000 01941cam a2200361 a 4500
999 _c20606
_d20606
001 16466879
005 20170120105645.0
008 100920s2012 caua 000 0 eng
010 _a 2010937498
015 _aGBB0B0427
_2bnb
016 7 _a015649179
_2Uk
020 _a9780495906438 (pbk.)
020 _a0495906433 (pbk.)
035 _a(OCoLC)ocn664324306
040 _aUKM
_cUKM
_dYDXCP
_dPZX
_dBWX
_dDLC
042 _alccopycat
050 0 0 _aLB2343.3
_b.S726 2012
082 0 4 _a378.198
_222
100 1 _aStaley, Constance Courtney.
245 1 0 _aFocus on community college success /
_cConstance Staley & Regina Lewis, consulting editor.
250 _a2nd ed.
260 _aBelmont, CA :
_bWadsworth ;
_aAndover :
_bCengage Learning [distributor],
_c2012.
300 _axxiv, 360 p. :
_bill. ;
_c28 cm.
505 0 _aGetting the right start -- Building dreams, setting goals -- Learning about learning -- Managing your time, energy, and money -- Thinking critically and creatively -- Developing technology, research, and information literacy skills -- Engaging, listening, and note-taking in class -- Developing your memory -- Reading and studying -- Taking tests -- Building relationships, valuing diversity -- Choosing a college major and career -- Creating your future.
650 0 _aCollege student orientation.
650 0 _aCommunity colleges.
700 1 _aLewis, Regina.
856 4 2 _3Contributor biographical information
_uhttp://www.loc.gov/catdir/enhancements/fy1105/2010937498-b.html
856 4 2 _3Publisher description
_uhttp://www.loc.gov/catdir/enhancements/fy1105/2010937498-d.html
856 4 1 _3Table of contents only
_uhttp://www.loc.gov/catdir/enhancements/fy1105/2010937498-t.html
906 _a7
_bcbc
_ccopycat
_d2
_encip
_f20
_gy-gencatlg
942 _2lcc
_cBOOKS
_hLB2343.3 .S726 2012